| 000 | 00000nam##2200000za#4500 |
| 001 | 9.699220 |
| 003 | CaOODSP |
| 005 | 20240527135429 |
| 007 | cr ||||||||||| |
| 008 | 150407|1991||||xxc|||||o f|0| 0 eng|d |
| 040 | |aCaOODSP|beng |
| 043 | |an-cn--- |
| 086 | 1 |aCW66-113/1-1990E-PDF |
| 110 | 2 |aCanadian Wildlife Service. |
| 245 | 10|aNorth American bird banding, volume 1 / |h[electronic resource]|cprepared jointly by the U.S. Fish and Wildlife Service and the Canadian Wildlife Service. |
| 260 | |aOttawa - Ontario : |bEnvironment Canada. |cMarch 1991. |
| 300 | |a169p.|bfig., glossary, maps, references, tables |
| 500 | |a"Replaces issue dated July 1984"--Cover. The catalogue number (CW66-113/1-1990E) and ISBN (0-662-18088-7) for the print edition have been copied in this electronic publication. |
| 590 | |a14-21-Supp|b2014-12-11 |
| 690 | 07|aAnimal populations|2gcpds |
| 690 | 07|aBirds|2gcpds |
| 690 | 07|aEnvironmental management|2gcpds |
| 775 | 08|tLe baguage des oiseaux en Amérique du Nord, volume 1 / |w(CaOODSP)9.643175 |
| 856 | 40|ahttp://publications.gc.ca|qPDF|s1.09 MB|uhttps://publications.gc.ca/collections/collection_2014/ec/CW66-113-1-1990-eng.pdf |